| 000 | 00760 a2200205 4500 | ||
|---|---|---|---|
| 010 | _aENG-89433 | ||
| 020 |
_c1500.00 _a8170174252 |
||
| 035 | _aEN-72966 | ||
| 037 | _bDBAD / PUB | ||
| 082 | 1 | 4 | _a701.17 |
| 090 |
_c10913 _d10913 |
||
| 100 | 1 | _aBhatnagar, Ved | |
| 245 | 1 |
_aShringar-the Ras Raj: _cby Ved Bhatnagar _ba classical Indian view/ |
|
| 260 |
_aNew Delhi _bAbhinav Publications _c2004 |
||
| 270 |
_aE-37, Hauz Khas _bNew Delhi _e110 016 _cDelhi _mwww.abhinavexports.com _k26566387, 26562784, 26524658 |
||
| 300 |
_a119p. _c24 cm ( Pbk.) _bcol. ill. |
||
| 500 | _aIncludes bibliographical reference and index | ||
| 942 |
_adpl _cEN _k701.17/ BHA |
||
| 999 |
_c10611 _d10611 |
||